000
00255nam a22001217a 4500
082
_a
507.2 DUB'H
100
_a
DUBAS, R
_9
56279
245
_a
HEALTH AND DISEASE
250
_a
2ND
260
_a
HONG KONG
_b
TIME-LIFE
_c
1982
300
_a
200P
942
_c
BK
999
_c
566745
_d
566745